[Event "Barra de Sao Miguel op"]
[Site "Barra de Sao Miguel"]
[Date "2019.10.12"]
[Round "4"]
[White "Rocha, Valter do Nasciment"]
[Black "Lins, Louis Carlos Barret"]
[Result "0-1"]
[WhiteElo "1800"]
[BlackElo "1924"]
[PlyCount "50"]
[EventDate "2019.10.10"]
[EventType "swiss"]
[EventRounds "7"]
[EventCountry "BRA"]
[SourceTitle "CBM 192 Extra"]
[Source "Chessbase"]
[SourceDate "2019.11.06"]
[SourceVersion "1"]
[SourceVersionDate "2019.11.06"]
[SourceQuality "1"]

1. d4 Nf6 2. c4 e6 3. Nf3 Bb4+ 4. Bd2 Bxd2+ 5. Nbxd2 d6 6. e3 b6 7. Be2 Bb7 8. 0-0 Nbd7 9. Ne1 e5 10. dxe5 Nxe5 11. Ndf3 Nfd7 12. Qc2 Qf6 13. Nxe5 Nxe5 14. f4 Nd7 15. Bf3 Bxf3 16. Nxf3 0-0 17. Ng5 Qg6 18. Qxg6 hxg6 19. Rad1 Rfe8 20. Rfe1 f6 21. Nf3 Re4 22. Rd4 Rae8 23. Kf2 Nc5 24. Nd2 Rxd4 25. exd4 Nd3+ 0-1

[Event "Barra de Sao Miguel op"]
[Site "Barra de Sao Miguel"]
[Date "2019.10.11"]
[Round "3"]
[White "Ferreira, Rafael Emiliano"]
[Black "Rocha, Valter do Nasciment"]
[Result "1/2-1/2"]
[WhiteElo "1950"]
[BlackElo "1800"]
[PlyCount "46"]
[EventDate "2019.10.10"]
[EventType "swiss"]
[EventRounds "7"]
[EventCountry "BRA"]
[SourceTitle "CBM 192 Extra"]
[Source "Chessbase"]
[SourceDate "2019.11.06"]
[SourceVersion "1"]
[SourceVersionDate "2019.11.06"]
[SourceQuality "1"]

1. d4 Nf6 2. Nf3 e6 3. g3 Be7 4. Bg2 d5 5. 0-0 Nbd7 6. Nbd2 0-0 7. c4 b6 8. cxd5 Nxd5 9. e4 N5f6 10. Qc2 h6 11. Nc4 Bb7 12. Nfe5 Nxe5 13. dxe5 Nd7 14. Be3 Bc5 15. Rfd1 Qe7 16. Rac1 Rac8 17. Qa4 Bxe3 18. Rxd7 Bxf2+ 19. Kh1 Qe8 20. Rcd1 Rd8 21. b3 Rxd7 22. Qxd7 Qxd7 23. Rxd7 Bc6 1/2-1/2

[Event "Barra de Sao Miguel op"]
[Site "Barra de Sao Miguel"]
[Date "2019.10.11"]
[Round "2"]
[White "Rocha, Valter do Nasciment"]
[Black "Zaidan Lima, Allan Gadelha"]
[Result "1/2-1/2"]
[WhiteElo "1800"]
[BlackElo "2024"]
[PlyCount "70"]
[EventDate "2019.10.10"]
[EventType "swiss"]
[EventRounds "7"]
[EventCountry "BRA"]
[SourceTitle "CBM 192 Extra"]
[Source "Chessbase"]
[SourceDate "2019.11.06"]
[SourceVersion "1"]
[SourceVersionDate "2019.11.06"]
[SourceQuality "1"]

1. d4 d5 2. c4 e6 3. Nc3 Nf6 4. Bg5 Be7 5. e3 0-0 6. Nf3 h6 7. Bh4 Nbd7 8. Qc2 c6 9. Be2 b6 10. 0-0 Bb7 11. Rac1 Rc8 12. a3 c5 13. Qa4 cxd4 14. Nxd4 Nc5 15. Qd1 Nfe4 16. Bxe7 Qxe7 17. cxd5 Nxc3 18. Rxc3 Bxd5 19. Bf3 Ne4 20. Rc1 Rfd8 21. Bxe4 Bxe4 22. Qg4 Bb7 23. h3 Qg5 24. Qxg5 hxg5 25. Rfd1 Kf8 26. Rxc8 Rxc8 27. Nb5 a6 28. Nc3 Ke7 29. f3 b5 30. Rd4 e5 31. Rd2 Rc4 32. Kf2 Ke6 33. Ne2 a5 34. e4 b4 35. axb4 Rxb4 1/2-1/2